Schnelle Mathematik - Multiplikation zur Basis 6 Level 02 - Statistiken

Allgemein
  • Dieses Quiz wurde 63 mal gespielt
  • Das Durchschnittsergebnis liegt bei 13 aus 20
Antwortstatistiken
Frage Antwort % Korrekt
2⋅2 4
90%
1⋅1 1
88%
2⋅0 0
86%
1⋅2 2
86%
3⋅0 0
82%
0⋅1 0
80%
0⋅3 0
80%
4⋅1 4
78%
3⋅1 3
75%
0⋅2 0
71%
1⋅0 0
71%
4⋅0 0
71%
0⋅4 0
70%
1⋅3 3
70%
3⋅2 10
67%
1⋅4 4
67%
2⋅1 2
60%
0⋅0 0
56%
3⋅4 20
56%
2⋅3 10
50%
4⋅2 12
50%
3⋅3 13
50%
2⋅4 12
44%
4⋅4 24
44%
4⋅3 20
43%
Keine übereinstimmenden Quizze gefunden
Verteilung der Resultate
Anzahl Personen mit jedem Resultat
Perzentil nach korrekt beantworteten Fragen
Ihre Resultats-Entwicklung
Sie haben dieses Quiz noch nicht gespielt